[Event "Nuremberg LGA Cup 8th"]
[Site "Nuremberg"]
[Date "2011.09.10"]
[Round "4"]
[White "Klundt, Klaus"]
[Black "Malakhatko, Vadim"]
[Result "1-0"]
[WhiteElo "2356"]
[BlackElo "2542"]
[Annotator "Gutman,L"]
[PlyCount "85"]
[EventDate "2011.09.08"]
[EventType "swiss"]
[EventRounds "7"]
[EventCountry "GER"]
[SourceTitle "CBM 144 Extra"]
[Source "ChessBase"]
[SourceDate "2011.10.28"]
[SourceVersion "1"]
[SourceVersionDate "2011.10.28"]
[SourceQuality "1"]

1. e4 c5 2. Nf3 e6 3. d4 cxd4 4. Nxd4 Nc6 5. Nc3 Qc7 6. Be3 a6 7. Bd3 Nf6 8.
O-O Nxd4 9. Bxd4 Bc5 10. Bxc5 Qxc5 11. Kh1 b5 ({Meines Erachtens ist} 11... d6
$5 12. Qd2 e5 13. Rae1 Be6 {vorzuziehen, Luther-Mainka, Bad Zwesten 2006.}) 12.
Qe2 $5 ({Nach} 12. a3 Bb7 13. f4 d6 $11 {kann Schwarz sich gut behaupten.})
12... b4 ({Auch} 12... d6 {reicht nicht aus wegen} 13. f4 b4 14. Na4 $5 ({
Zu langsam erscheint} 14. Nb1 e5 15. Nd2 O-O 16. a3 bxa3 17. Rxa3 exf4 18. Rxf4
Qe5 19. Qf1 Be6 $15 {Endzelins-Hybl, Fernpartie 1965}) 14... Qc6 15. e5 Nd7 16.
b3 Bb7 17. exd6 Qxd6 18. Rad1 $14) 13. Nb1 ({Nichts spricht gegen} 13. Na4 $5
Qc6 14. b3 Bb7 15. f3 d5 16. e5 Nd7 17. a3 $5 ({Minder ratsam ist} 17. Qe3 Rc8
18. Qd4 O-O 19. Qh4 h6 20. Rae1 {Pähtz-Borulya, Damen-Bundesliga 2000/01} a5 $5
) 17... bxa3 18. Rxa3 O-O 19. b4 $14) 13... Bb7 14. Nd2 d6 15. a3 a5 16. f4 $6
{Unnötige Aktivität.} ({Angebracht war} 16. Nb3 Qb6 17. axb4 axb4 18. Rxa8+
Bxa8 19. Ra1 O-O 20. f3 $14) 16... O-O 17. e5 dxe5 18. fxe5 Nd7 19. Rae1 $6 ({
Weiß sollte sich mit Ausgleich nach} 19. Nc4 h6 20. Rae1 Bd5 $11 {zufrieden
geben.}) 19... bxa3 20. bxa3 Qd4 $6 ({Schwarz verliert Zeit. Besser gefällt} 
20... h6 21. a4 Bd5 $15) 21. Qh5 g6 ({Zum Ausgleich reicht} 21... h6 22. Nf3
Qc3 ({Oder} 22... Qc5 23. Ng5 Nxe5 24. Nxe6 fxe6 25. Qxe5 Rxf1+ 26. Bxf1 Qxc2
27. Qxe6+ Kh8 $11) 23. Re3 Qc5 24. Rfe1 Rab8 25. Nd2 $11) 22. Qg5 Nc5 23. Rf4
Qd8 ({Etwas mehr war durch} 23... Qd5 $5 24. Qg3 Rab8 25. Nc4 Nxd3 26. cxd3 Bc6
27. Ref1 Rb3 $15 {zu erreichen.}) 24. Qh6 Nxd3 25. cxd3 f5 26. exf6 Rxf6 27.
Ref1 $2 ({Klaus übersieht die schwarze Antwort. Nach} 27. Rxf6 Qxf6 28. Qe3 Bd5
$11 {steht das Spiel gleich.}) 27... Rf5 28. Rxf5 exf5 29. Re1 Qd5 ({Einfacher
war} 29... Qd4 $5 30. Qe3 Qxe3 31. Rxe3 Rc8 32. Kg1 Rc2 33. Re2 Rc3 $17) 30.
Qh3 Rc8 31. Nc4 Qd4 32. Qg3 Rd8 $2 ({Und hier} 32... Bd5 {, wonach} 33. Nxa5 $2
Rc2 {fatal wäre.}) 33. Nxa5 Ba8 34. h3 f4 35. Qg4 Bd5 ({Vorzuziehen war} 35...
f3 $5 36. Qxd4 Rxd4 37. gxf3 Bxf3+ 38. Kh2 Rxd3 39. Nc4 Bd5 40. Nb6 Ba2 41. a4
Kf7 $15) 36. Nc6 Qf2 37. Rg1 Bxc6 $2 ({Zum Remis reichte} 37... Re8 38. Qd7
Bxc6 39. Qxc6 Re3 $11 {mit folgendem f4-f3.}) 38. Qe6+ Kg7 $2 ({Das kleinere
Übel wäre} 38... Kf8 39. Qf6+ Ke8 40. Qxc6+ Ke7 41. Qc7+ Rd7 42. Qe5+ Kf7 43.
Re1 Qd4 44. Qe8+ Kg7 45. Re4 Qd6 46. Rxf4 Rb7 47. Re4) 39. Qe7+ Kh6 40. Qxd8 f3
41. Qf8+ Kg5 42. Qe7+ Kh6 43. g4 1-0

[Event "Gausdal Eikrem Memorial"]
[Site "Gausdal"]
[Date "1996.??.??"]
[Round "9"]
[White "Hjartarson, Johann"]
[Black "Har Zvi, Ronen"]
[Result "1/2-1/2"]
[WhiteElo "2565"]
[BlackElo "2495"]
[Annotator "Har Zvi,R"]
[PlyCount "88"]
[EventDate "1996.08.??"]
[EventType "swiss"]
[EventRounds "9"]
[EventCountry "NOR"]
[SourceTitle "CBM 054 Extra"]
[Source "ChessBase"]
[SourceDate "1996.11.01"]
[SourceVersion "1"]
[SourceVersionDate "1996.11.01"]
[SourceQuality "1"]

1. e4 c5 2. Nf3 e6 3. d4 cxd4 4. Nxd4 Nc6 5. Nc3 Qc7 6. Be3 a6 7. Bd3 Nf6 8.
O-O Bd6 (8... Nxd4) (8... Ne5) 9. Kh1 (9. f4 Bc5) 9... Bf4 10. Bxf4 Qxf4 11.
Nde2 (11. Nxc6) 11... Qh4 {a risky move,since h4 and quite force after h6 are
not the natural places for the queen,but on the other hand black may have some
threats with his queen there.the natural move is of course Qc7} 12. Qd2 b5 (
12... Ng4 13. Qf4 g5 {a very interesting line but not so good for black} 14.
Qd6 $1 {as Hjartarsson told me after the game,this of course is the move but I
was spending a lot of time analysing this variation since after 14.Qg3 as we
will see black is ok} (14. Qg3 Qxg3 15. hxg3 (15. Nxg3 h5 $1) 15... h5 $1 16.
Kg1 h4) 14... Nxf2+ 15. Kg1 Ng4 (15... Nxd3 16. cxd3 $18) 16. h3 $1 Nge5 17.
Nd5 $3 {the key move} exd5 18. exd5 Qb4 {black is almost saved...but almost is
not enough} 19. Qf6 $1 $18) 13. f4 d6 14. Ng1 $1 O-O 15. Nf3 Qh6 16. Ng5 Ng4 $5
{the idea is to create a weakness,the g3 square when white will have to
consider that in his plan} 17. h3 Nf6 18. a4 b4 19. Ne2 Bb7 20. Kg1 Rad8 21.
Qe3 e5 $1 22. fxe5 (22. Ng3 exf4 23. Qxf4 Nh5 24. Nxh5 Qxh5 $10 {Hjartarsson})
22... Nxe5 23. Ng3 Rfe8 24. Nf5 Qg6 25. Rae1 $1 {the only move,this is a very
complicated or as Hjartarsson said a very "tricky" and indeed there are alot
of things to calculate} d5 $5 (25... h6 26. Nf3 Nxf3+ 27. Rxf3 $1 (27. Qxf3)
27... Bxe4 (27... Nxe4 28. Qb6) 28. Bxe4 Nxe4 (28... Rxe4 $4 29. Qxe4 $1 $18)
29. Qb6) 26. exd5 Nxd5 (26... Nxd3 $4 27. Qxe8+ Rxe8 28. Rxe8+ Nxe8 29. Ne7+)
27. Qg3 {this is the natural move,and not a bad one at all,although it seems
black is better in the forced line whoich followed in the game maybe white is
slightly better,but here was another very interesting move 27.Ne7!?} (27. Ne7+
Rxe7 28. Bxg6 Nxe3 29. Bxh7+ Kh8 30. Rxe3 f6 31. Rxe5 $1 {the only move,here
both fxe5 and Rxe5 are possible} Rxe5 (31... fxe5 32. Bg6 $44) 32. Nf7+ Kxh7
33. Nxd8 Bd5 $44) 27... Nxd3 28. Rxe8+ Rxe8 29. cxd3 h6 $1 30. Ne4 (30. Nxf7
Qxg3 (30... Qxf7 31. Nxh6+) 31. Nxg3 Ne3) 30... Qxg3 31. Nfxg3 $1 {the correct
capture of course but still a very strong move,the knight on e4 controls the
c5 and d6 squares} Bc6 32. a5 Rd8 33. Nc5 Bb5 34. Nf5 Nc7 $1 {the idea is to
play Ne6} 35. Rf4 $1 Ne6 36. Nxe6 fxe6 37. Rd4 $8 Rxd4 38. Nxd4 Bxd3 39. Nxe6
Kf7 40. Nd4 Be4 $1 41. Kf2 Kf6 42. g3 Ke5 43. Ke3 g5 44. h4 gxh4 1/2-1/2

[Event "EU-ch 13th"]
[Site "Plovdiv"]
[Date "2012.03.20"]
[Round "1"]
[White "Inarkiev, Ernesto"]
[Black "Stojanovic, Dalibor"]
[Result "1/2-1/2"]
[WhiteElo "2695"]
[BlackElo "2478"]
[Annotator "Inarkiev,E"]
[PlyCount "63"]
[EventDate "2012.03.20"]
[EventType "swiss"]
[EventRounds "11"]
[EventCountry "BUL"]
[SourceTitle "CBM 148"]
[Source "ChessBase"]
[SourceDate "2012.05.16"]
[SourceVersion "1"]
[SourceVersionDate "2012.05.16"]
[SourceQuality "1"]

{I decided to comment on this game, because on my opinion it shows the spirit
of the European Championships. Normally, there's nothing to be proud of when
you make a draw with White against an opponent whose rating is 200 Elo points
less than yours. But, it was an interesting and complicated game, and we both
tried hard to get even half of the point! This is what regularly happens in
the European Championships, everybody is fighting hard, and it is not always
clear, who is the real favourite.} 1. e4 c5 2. Nf3 Nc6 3. d4 cxd4 4. Nxd4 e6 5.
Nc3 Qc7 6. Be3 a6 {Stojanovic had played only a few games with the Paulsen
before, so I didn't know what to expect.} 7. Qd2 b5 {Quite a rare variation.} (
{The main lines start with} 7... Nf6) 8. O-O-O Nxd4 {And this is a sideline in
a rare variation!} 9. Bxd4 Ne7 10. Qe3 $5 {With this move, White starts an
aggressive play. The main point is to prevent Black from moving the knight
from e7, because of Nc3-d5. At the same time, Qe3 and Bd4 are slightly
awkwardly positioned now, and if tactics do not work, White will just lose a
lot of tempi regrouping his pieces.} ({In a few GM games, White chose more
typical setup} 10. Kb1 $5 Nc6 11. Be3 {what is probably more simple, than text
move.}) 10... Rb8 $1 {An important move. Black prepares d7-d6.} ({White's idea
can be seen from the variation} 10... Nc6 $2 11. Nd5 $1 exd5 12. exd5+ Ne7 13.
Bb6 $1 Qd6 14. Bc5 $16) (10... b4 $6 {is bad because of} 11. Na4 $14 {and it's
White who has the initiative on the queenside.}) ({The immediate} 10... d6 {
is dangerous because of} 11. Bb6 $1 Qb8 ({on} 11... Qc6 {White has a nice
combination} 12. Bxb5 $1 axb5 13. Rxd6 $3 Qxd6 14. Nxb5 {and Black loses the
queen.} Qc6 15. Nc7+ Qxc7 16. Bxc7 Rxa2 17. Kb1 $16) 12. Bxb5+ $1 axb5 13. Nxb5
Nc6 14. Nc7+ Kd7 15. Nxa8 Qxa8 16. Kb1 $14 {The position is complicated, but
White clearly has better chances.}) 11. Bd3 $1 $146 {A strong novelty. The
only way to play around the Nd5 idea, other moves just show that the plan with
Qe3 was wrong.} (11. a3 b4 12. axb4 Rxb4 $13) (11. Qg3 d6 $13 12. f4 Bd7 ({
It's easy to fall into the trap!} 12... Nc6 $2 13. Bxg7 Rg8 14. Bxf8 Rxg3 15.
Bxd6 $18)) 11... Nc6 {I was glad to see this move on the board, thinking that
White will have a very strong attack. Objectively, it's very complicated, at
the same time, others moves give easy play to White.} ({Still good for White is
} 11... b4 12. Na4 d6 {Here I like} 13. Ba7 Rb7 14. Bb6 {(xa6).} Qc6 15. b3 $14
) ({A serious option is} 11... d6 {now both, ...Nc6 and e6-e5 are the threats.
That's why White must play} 12. e5 $1 d5 $1 (12... Nc6 {is too optimistic:} 13.
exd6 Bxd6 ({or} 13... Qxd6 14. Bxb5 $1 axb5 15. Bxg7 Qxd1+ 16. Rxd1 Bxg7 17.
Qc5 $1 $18 Bd7 18. Nxb5) 14. Nd5 $1 $18) 13. f4 $14 {/= This French type
position is hard to assess. The white pieces are in the right positions, and
the black king still has to find a safe place, that's why I would prefer White.
}) 12. Nd5 $1 exd5 {A critical choice. A queen retreat looks ridiculous, as
White still has an attack but without any sacrifice. Still, the variations are
full of nuances.} (12... Qa5 $2 {is bad:} 13. Qg3 $1 {After this accurate move,
Black already can't take on d5, and hasn't any counterplay.} (13. Bb6 $2 {
is tempting:} Qxa2 14. Nc7+ {this looks decisive, but Black holds somehow after
} Ke7 {and if} 15. Qc5+ {then} d6 $1 16. Qxc6 Bd7 $1 {and to free the queen,
White has to give the piece back} 17. Nd5+ exd5 18. Qc7 {but after} g6 $13 {
(/\Bh6) Black finishes his development, and has serious counterplay.} 19. Rde1
Bh6+ 20. Kd1 Qxb2 21. exd5+ Kf6) 13... Rg8 (13... Qxa2 14. Bxg7 $18) (13...
exd5 14. exd5 Nxd4 15. Qxb8 Kd8 16. Qa7 $1 $18 {and the knight is trapped.})
14. Kb1 $16 {There is no need for White to hurry now.}) ({The variation, which
took a serious amount of my time is} 12... Qd6 $2 13. Bb6 exd5 14. exd5+ Ne7 {
I can't say, that I calculated it till the end, mainly I felt that it should
be something.} 15. Bc5 $1 Qh6 $1 16. Qxh6 gxh6 {It seems, that in the endgame
Black should hold, but... It's amazing, that even in the endgame White is able
to exploit the lack of coordination of the black pieces. White's attack is
impressive!} 17. Rhe1 $1 (17. Bd4 $2 {is weak because of} f6 $1 $13 ({White
has a clear advantage after} 17... Rg8 $2 18. d6 $16 {The point is if} Nc6 $2 {
then} 19. Rhe1+ Kd8 20. Bf6+ $18) 18. Bxf6 Rg8 19. Be5 Rb6 20. Bxh7 Rg4 $13)
17... d6 ({or} 17... Kd8 18. Ba7 $1 ({Weaker, but also possible is} 18. Bd4 Rg8
19. d6 Nd5 20. Be4 {because Black has} Bb7 $1 21. Bxd5 Bxd5 22. Bf6+ Kc8 23.
Rxd5 $16) 18... Rb7 19. Bd4 Rg8 20. d6 $18 {(/\Bf6). Black is helpless.}) 18.
Bxd6 Rb7 {I saw this position during the game, but I didn't see the winning
manoeuvre.} 19. Bf4 $1 $18 {The d5-d6 threat invites Black's king to the
d-file.} (19. Be5 $5 {is strong enough:} Rg8 20. d6 Ng6 21. Bf6+ Be6 22. Be4
Rd7 23. g3 $1 $18 {(/\f4-f5).}) 19... Kd8 {and now} 20. Be5 $1 Rg8 21. d6 $18)
({The only decent retreat is} 12... Qb7 $5 {White has to show something} 13.
Bb6 $1 ({if} 13. Bc3 {then} d6 $13 {(/\ed).}) 13... Bd6 $1 {This is Black's
point.} 14. Bc5 Be5 {(/\d6). It seems that Black managed to finish his
development, but White hangs on to the initiative} 15. f4 $1 d6 16. fxe5 dxc5
17. Qg5 $1 O-O 18. Nf6+ Kh8 {The computer is cool about this position, but I
think very few players would be glad to play it with Black. For example:} 19.
Be2 $1 Qc7 (19... gxf6 {is just losing:} 20. Qxf6+ Kg8 21. Rd3 $1 Ne7 22. Rg3+
Ng6 23. h4 $18) 20. Rd6 $1 Nd4 ({If here} 20... gxf6 {then} 21. Qxf6+ Kg8 22.
h4 $1 $18 {and another rook is coming.}) 21. Bd3 Nc6 22. Re1 $18) 13. exd5+ Ne7
14. d6 $1 {It's important to prevent Black from playing d7-d6.} Qxd6 15. Rhe1
$1 {The last piece comes to the play, and White is ready to smash the centre!}
Kd8 $6 {During the game, I also considered this as the best try} ({Obviously,
the queen must protect the knight} 15... Qc6 $2 16. Bxg7 $18) (15... Qe6 $2 {
makes no sense because of} 16. Qf4 $18) ({More to the point is} 15... Rb7 $5 {
but it's hard to find a decent move after} 16. Be4 {somehow, Black doesn't
lose emmediately, if finds} Qe6 $1 {but White has strong initiative after} 17.
Qc3 $1 Qc4 18. Qf3 $1 Rc7 19. Bb6 $1 Rc5 20. Bxc5 Qxc5 21. Bb7 $1 $14 {It's
hard for Black to develop the rook. For example:} h5 22. Rd5 $1 Qb4 ({Or} 22...
Qc7 23. Bxc8 Qxc8 24. Rc5 $1 $16) 23. c3 Qc4 24. Rde5 $16) ({The only real
defence is} 15... h5 $3 {I saw this move, but to make it, one should
understand that others are worse, because it's not very obvious why this is
strong. The ideas are ...Qh6, and ...Rh6. Despite that White retains enough
compensation and initiative, it's hard to find a way to a clear advantage.} {
Probably, the best is the cool} 16. Kb1 $5 {asking what Black will do next.} ({
Black's idea shows the variation} 16. Bc5 Qf6 17. Be4 {(/\Rd6).} Rh6 $1 {
still, Black has defended against the immediate threats, but it's hard for him
to improve the position after, for example} 18. f4 $13) {For example} 16... Rh6
$5 17. Bf5 $1 Rb6 $1 18. Rd3 $1 Rc6 19. Bxg7 Qc5 20. Bxh6 Qxe3 21. Bxe3 Nxf5
22. Rd5 $5 Nxe3 23. Rxe3+ Kd8 24. Rxh5 $13) 16. Be5 $2 {This mistake cancelled
out all White's efforts.} ({Nor does} 16. Bc5 $6 {work either because of} Qh6
$1 17. f4 Qe6 $13) ({I saw the best move} 16. Be4 $1 Qe6 $1 ({Actually, I
didn't see how to win after} 16... Qc7 {but White has the paradoxical} 17. Bf3
$18 {(/\Be5). It's hard to think of this move, before playing 16.Be4. Normally,
you try to find attacking moves, but this "simple" preparation decides. Black
can't defend against Bc5.}) 17. Qa3 $1 {(/\Qa5).} Nc6 18. Qg3 $1 {(/\Bc6).} Rb7
19. Bxg7 ({Also possible is} 19. Bd5 Qd6 20. Qxd6 Bxd6 21. Bxc6 dxc6 22. Bxg7
Rg8 23. Rxd6+ $16) 19... Rg8 (19... Bxg7 {is losing:} 20. Qxg7 Re8 21. Bxc6
Qxc6 22. Rxe8+ Kxe8 23. Qh8+ $1 Ke7 24. Re1+ $18) 20. Bf6+ Qxf6 21. Qxg8 Qh6+
22. Kb1 $16 {Now White has enough material, and still has the initiative.})
16... Qb6 17. Qg3 $6 {I changed my mind, because I realised, that what I
planned to play is not so clear. But I chose an even worse variation.} ({On} 
17. Bd4 {Black will not repeat moves} Qc6 $1 $13) ({When I was playing 16.Be5,
I planned} 17. Qf4 {but then, realised that there's no advantage, as I had
thought before.} Rb7 $1 (17... Nc6 $2 {is bad:} 18. Bc7+ Qxc7 19. Re8+ Kxe8 20.
Qxc7 $18) 18. Qxf7 (18. Bd6 Nd5 $17) 18... d5 $1 $13 {and suddenly the black
pieces work quite well together.}) ({The best choice here would be the simple} 
17. Bxb8 Qxb8 {and the position remains unclear.} 18. Be4 $13) 17... Rb7 {
Only here, I understood, that Black already coordinated his pieces, and that
White would have to fight for equality.} 18. Be4 $1 ({White has nothing after} 
18. Bd6 Ng6 $1 $15) ({Only Black can be better after} 18. Bxg7 Bxg7 $1 ({
Of course not} 18... Rg8 $2 19. Bxf8 Rxg3 20. Bxe7+ Kc7 21. fxg3 $14 {and
White's game is easier.}) 19. Qxg7 Re8 20. f4 Qd6 $1 21. Qxf7 Rb6 $15) 18... d5
$1 {This is the key move!} 19. Bxd5 Nxd5 20. Bxg7 $1 (20. Rxd5+ $6 {is worse:}
Rd7 $15 {and White can't take on g7.} 21. Rxd7+ Bxd7 22. Bxg7 $2 Bxg7 23. Qxg7
Re8 $17) 20... Bxg7 21. Qxg7 Re8 22. Rxd5+ (22. Rxe8+ $6 {is worse:} Kxe8 23.
Qg8+ Ke7 24. Qxc8 Rd7 $17 {and Black is ready for the counterattack.}) 22...
Bd7 $1 ({Here} 22... Rd7 $2 {is already losing!} 23. Rxe8+ Kxe8 24. Qg8+ Ke7
25. Re5+ Kd6 26. Re3 $1 Qd8 ({If} 26... Rd8 {then} 27. Qxf7 $18) ({or} 26...
Bb7 27. Qg3+ $18) 27. Re8 Qh4 28. Rxc8 Qxf2 29. Qf8+ Kd5 {With such a king,
it's impossible to save the game.} 30. b3 $18) 23. Rxe8+ Kxe8 {So, finally we
have reached a position, where White has only two pawns for the bishop, and
some play against the exposed black king, which gives real practical chances
for a draw.} 24. Qg8+ Ke7 25. Qxh7 Qxf2 26. Qe4+ Be6 $6 {Now White will have
some checks. After both moves by the king, Black has a serious advantage.} (
26... Kf8 $17) (26... Kd8 $17) 27. Rd2 $1 Qb6 28. Qh4+ {My opponent spent some
time here, but didn't find a way to continue.} Ke8 ({The correct move is} 28...
f6 $1 29. Qh7+ Bf7 30. Re2+ {and here it is very important to see} Kd6 $1 $15 {
saving the advantage.} ({Wrong is} 30... Kd8 $2 31. Qh8+ $1 Kd7 32. Rd2+ {
and now already it is better to repeat the moves.} Ke7 33. Re2+ Kd7 34. Rd2+
$11)) 29. Qh8+ Ke7 30. Qh4+ Ke8 31. Qh8+ Ke7 32. Qh4+ {And we asked the
arbiter to accept the draw, because we hadn't passed the fortieth move.}
1/2-1/2